000 00507nam a2200193Ia 4500
005 20260120131238.0
008 008 260114s9999 xx 000 0 eng d
020 _a9780199368242
037 _aEBOOK
040 _aCRL
_beng
_cCRL
041 _aeng
_2eng
084 _qCRL
100 _aGidal
_9924686
245 0 _aSpirit Song
260 _bOxford University PressOxford University Press
_c2016
856 _uhttps://academic.oup.com/book/11115
942 _cEBOOK
999 _c1516600
_d1516600